| 000 | 00541nam a22001697a 4500 | ||
|---|---|---|---|
| 005 | 20130827142141.0 | ||
| 010 | _aENG-108069 | ||
| 020 |
_c295.00 _a9788180388484 |
||
| 035 | _aEN-91602 | ||
| 037 | _bDBAD/PUB | ||
| 082 | _a342.54 | ||
| 245 | 0 | 0 |
_aShort notes & multiple choice questions : _bthe constitution of India / |
| 260 |
_aGurgaon _bLexisNexis _c2013 |
||
| 270 |
_a14th floor, Building No 10, Tower-B, DLF Cyber city, Phase-II, _bGurgaon _e122002 |
||
| 300 |
_av,262p. _c24cm(pbk) |
||
| 942 |
_2ddc _cEN _mSHO _h342.54 |
||
| 999 |
_c78050 _d78050 |
||